书目信息 |
| 书名: | Physics For Scientists & Engineers | |
| 作者: | by Raymond A.Serway. | |
| 分册号: | ||
| 分册名: | 出版地: | Fort Worth, TX : |
|
| 出版社: | SAUNDERS GOLDEN SUNBURST SERIES | |
| 出版时间: | 1996. | |
| 页数: | 1188 p. ; | |
| 开本: | 26cm. | |
| 丛书名: | ||
| 中图分类号: | ||
| 科图分类号: | ||
| 其他分类号: | TB13 | |
| 主题词: | ||
| 电子资源: | ||
| 000 | 00482nam 2200169 a 4500 | |
| 001 | E0732262500 | |
| 005 | 20070709090202.62 | |
| 008 | 070709s1996 00010 eng | |
| 020 | @a0-03-005932-1. | |
| 040 | @aPFT@beng | |
| 090 | @aTB13 | |
| 099 | @dTB13@ex17=4 | |
| 245 | 1 | @aPhysics For Scientists & Engineers / @cby Raymond A.Serway. |
| 250 | @a4th ed. | |
| 260 | @aFort Worth, TX :@bSAUNDERS GOLDEN SUNBURST SERIES,@c1996. | |
| 300 | @a1188 p. ;@c26cm. | |
| 700 | @aby Serway,Raymond A. | |
| Physics For Scientists & Engineers / / by Raymond A.Serway.-4th ed.-Fort Worth, TX : : SAUNDERS GOLDEN SUNBURST SERIES, , 1996. |
| 1188 p. ; ; 26cm. |
| ISBN 0-03-005932-1. |
| ● |
| 相关链接 |
|
|
|
|
正题名:Physics For Scientists & Engineers
索取号:TB13/x17=4
 
预约/预借
| 序号 | 登录号 | 条形码 | 馆藏地/架位号 | 状态 | 备注 |
| 1 | 11521 | 300115211 | 第二样本阅览室/ [索取号:TB13/x17=4] | 在馆 |